| 000 | 01520nam2a22002651 4500 | ||
|---|---|---|---|
| 001 | v19\rc\1595095 | ||
| 005 | 20250618215428.0 | ||
| 035 | _a(NLR Aleph) 004718702 | ||
| 090 |
_a4301933 _c4301933 |
||
| 100 | _a20061002d1914 |||y0rusy50 ca | ||
| 101 | 0 | _arus | |
| 102 | _aRU | ||
| 105 | _ay z ||||| | ||
| 200 | 0 |
_a... с 1 июля 1913 г. по 1 июля 1914 г. _e(21-й год существования) |
|
| 210 |
_d1914 _aБ. м. |
||
| 215 | _a64 с. | ||
| 461 | 0 |
_1001v19\rc\1595078 _12001#$aОтчет Общества взаимного вспомоществования учащим и учившим в начальных народных училищах Новгородской губернии...$v... с 1 июля 1913 г. по 1 июля 1914 г. _94301694 _aНовгородское губернское общество взаимного вспомоществования учащим и учившим в начальных народных училищах _cНовгород _d1895-1916 _tОтчет Общества взаимного вспомоществования учащим и учившим в начальных народных училищах Новгородской губернии... _v... с 1 июля 1913 г. по 1 июля 1914 г. |
|
| 801 | 0 |
_aRU _bNLR _gpsbo |
|
| 801 | 0 |
_aRU _bRuMoRGB _2psbo |
|
| 801 | 1 |
_aRU _bProSoft-M _2rusmarc |
|
| 852 |
_aNLR _j17.165.6.30(2) |
||
| 852 |
_aNLR _j18.278.4.61 |
||
| 899 |
_aRuMoRGB (1893-1914*) _jU 9/360 |
||
| 942 | _cBOOK | ||
| 980 | _aNB | ||